Harry Potter Polyjuice Potion Transformations Quiz Stats

Quiz not verified by Sporcle

Challenge
Share
Tweet
Embed
Score 0/19 Timer 05:00
0 Plays Today
% Correct
Harry
92.2%
Mad Eye Moody
90.8%
Harry
90.8%
Harry
88.9%
Harry
88.9%
Cat
88.2%
Harry
88.2%
'Barney' Weasley
87.8%
Crabbe
86.3%
Reg Cattermole
85%
% Correct
Muggle woman
84.4%
Slytherin girl
84.3%
Muggle man
82.2%
Runcorn
81.7%
Harry
81.7%
Bellatrix Lestrange
81.7%
Slytherin girl
81.7%
Goyle
81%
Mafalda Hopkirk
79.1%

You're not logged in!

Compare scores with friends on all Sporcle quizzes.
Join for Free
OR
Log In

You Might Also Like...

Show Comments

Extras

Top Quizzes Today


Score Distribution

Your Account Isn't Verified!

In order to create a playlist on Sporcle, you need to verify the email address you used during registration. Go to your Sporcle Settings to finish the process.

Report this User

Report this user for behavior that violates our Community Guidelines.

Details: